<?xml version="1.0" encoding="UTF-8"?>
<record
    xmlns:xsi="http://www.w3.org/2001/XMLSchema-instance"
    xsi:schemaLocation="http://www.loc.gov/MARC21/slim http://www.loc.gov/standards/marcxml/schema/MARC21slim.xsd"
    xmlns="http://www.loc.gov/MARC21/slim">

  <leader>04750nam a2200361 i 4500</leader>
  <controlfield tag="001">000024246</controlfield>
  <controlfield tag="003">DO-SdBNP</controlfield>
  <controlfield tag="005">20250218083814.0</controlfield>
  <controlfield tag="007">ta</controlfield>
  <controlfield tag="008">110125s2006    dr            001 0 spa d</controlfield>
  <datafield tag="040" ind1=" " ind2=" ">
    <subfield code="a">DO-SdBNP</subfield>
    <subfield code="b">spa</subfield>
    <subfield code="c">BNPHU</subfield>
    <subfield code="e">rda</subfield>
  </datafield>
  <datafield tag="041" ind1=" " ind2=" ">
    <subfield code="h">spa</subfield>
  </datafield>
  <datafield tag="082" ind1=" " ind2="4">
    <subfield code="a">345.05</subfield>
    <subfield code="b">R426no, 2006</subfield>
    <subfield code="2">22</subfield>
  </datafield>
  <datafield tag="240" ind1="1" ind2="0">
    <subfield code="a">[Leyes, etc.]</subfield>
  </datafield>
  <datafield tag="245" ind1="1" ind2="0">
    <subfield code="a">Normativa procesal penal dominicana /</subfield>
    <subfield code="c">presentaci&#xF3;n, Jorge A. Subero Isa.</subfield>
  </datafield>
  <datafield tag="250" ind1=" " ind2=" ">
    <subfield code="a">segunda edici&#xF3;n ampliada</subfield>
  </datafield>
  <datafield tag="264" ind1=" " ind2="4">
    <subfield code="a">Santo Domingo :</subfield>
    <subfield code="b">Suprema Corte de Justicia,</subfield>
    <subfield code="c">2006.</subfield>
  </datafield>
  <datafield tag="300" ind1=" " ind2=" ">
    <subfield code="a">756 p&#xE1;ginas ;</subfield>
    <subfield code="c">22 cm.</subfield>
  </datafield>
  <datafield tag="336" ind1=" " ind2=" ">
    <subfield code="a">texto</subfield>
    <subfield code="b">txt</subfield>
    <subfield code="2">rdacontent</subfield>
  </datafield>
  <datafield tag="337" ind1=" " ind2=" ">
    <subfield code="a">sin mediaci&#xF3;n</subfield>
    <subfield code="b">n</subfield>
    <subfield code="2">rdamedia</subfield>
  </datafield>
  <datafield tag="338" ind1=" " ind2=" ">
    <subfield code="a">volumen</subfield>
    <subfield code="b">nc</subfield>
    <subfield code="2">rdacarrier</subfield>
  </datafield>
  <datafield tag="505" ind1="0" ind2=" ">
    <subfield code="a">Presentaci&#xF3;n /</subfield>
    <subfield code="g">Jorge A. Subero Isa--</subfield>
    <subfield code="t">Constituci&#xF3;n de la Rep&#xFA;blica --</subfield>
    <subfield code="t">C&#xF3;digo Procesal Penal de la Rep&#xFA;blica Dominicana (Ley 76-02) --</subfield>
    <subfield code="t">Leyes complementarias--</subfield>
    <subfield code="t">Ley 78-03 que aprueba el Estatuto del Ministerio P&#xFA;blico --</subfield>
    <subfield code="t">Ley 96-04 Institucional de la Polic&#xED;a Nacional --</subfield>
    <subfield code="t">Ley 277-04 que establece el Servicio Nacional de Defensa P&#xFA;blica --</subfield>
    <subfield code="t">Ley 278-04 sobre la Implementaci&#xF3;n del Proceso Penal instituido por ley 76-02 --</subfield>
    <subfield code="t">Decretos--</subfield>
    <subfield code="t">Decreto 420-02 que Crea la Comisi&#xF3;n Nacional de la Reforma Procesal Penal --</subfield>
    <subfield code="t">Decreto 514-02 crea Escuela del Ministerio P&#xFA;blico --</subfield>
    <subfield code="t">Decreto 644-03 que aprueba el Reglamento de Integraci&#xF3;n del Consejo General de Procuradores --</subfield>
    <subfield code="t">Decreto 873-04, que dispone que los miembros del Ministerio P&#xFA;blico designados a la fecha y que fueren designados hasta tanto se haya concluido su evaluaci&#xF3;n, tendr&#xE1;n car&#xE1;cter de provisionales y por tanto podr&#xE1;n ser sustituidos por el Presidente de la Rep&#xFA;blica en cualquier momento --</subfield>
    <subfield code="t">Decreto 1154-04 de fecha 9 de septiembre de 2004, que modifica el art&#xED;culo modifica art&#xED;culo 1 del Decreto No. 420-02 de fecha 6 de junio de 2002 --</subfield>
    <subfield code="t">Decreto 318-05 de fecha 19 de mayo de 2005 que modifica el art&#xED;culo &#xFA;nico del Decreto No. 1154-04 de fecha 9 de septiembre de 2004 --</subfield>
    <subfield code="t">Resoluciones dictadas por la Suprema Corte de Justicia--</subfield>
    <subfield code="t">Res. 1920-2003 Medidas anticipadas a la vigencia del Nuevo C&#xF3;digo Procesal Penal --</subfield>
    <subfield code="t">Res. 782-2004 mediante la cual se incorporan los abogados de oficio a la Oficina Nacional de Defensa P&#xFA;blica --</subfield>
    <subfield code="t">Res. 1170-2004 que reglamenta la estructura liquidadora de los expedientes en tr&#xE1;mite ante la jurisdicci&#xF3;n penal al momento de entrar en vigencia el C&#xF3;digo Procesal. Procedimiento de distribuci&#xF3;n de los expedientes --</subfield>
  </datafield>
  <datafield tag="505" ind1="0" ind2=" ">
    <subfield code="t">Res. 1207-2004 Establece el rol de cada uno de los jueces dentro de la estructura de liquidaci&#xF3;n creada mediante la Res. No. 1170-2004 --</subfield>
    <subfield code="t">Res. 1209-2004 Establece procedimiento aplicable para los asuntos correccionales ante la jurisdicci&#xF3;n de ni&#xF1;os, ni&#xF1;as y adolescentes, entrada en vigencia del C&#xF3;digo para el Sistema de Protecci&#xF3;n de los Derechos fundamentales de los ni&#xF1;os, ni&#xF1;as y adolescentes --</subfield>
    <subfield code="t">Res. 295-2005 Habilita a los jueces de paz a actuar como jueces de la instrucci&#xF3;n --</subfield>
    <subfield code="t">Res. 296-2005 Reglamenta juez de la ejecuci&#xF3;n de la pena (C&#xF3;digo Procesal Penal) --</subfield>
    <subfield code="t">Res. 1141-05 Sobre uso de toga y birrete --</subfield>
    <subfield code="t">Res. 1142-05 Competencia en materia penal laboral --</subfield>
    <subfield code="t">Res. 1731-05 Reglamento sobre medidas de coerci&#xF3;n y celebraci&#xF3;n de audiencias durante la etapa preparatoria --</subfield>
    <subfield code="t">Res. 1732-05 Reglamento para la tramitaci&#xF3;n de notificaciones, citaciones y comunicaciones judiciales --</subfield>
    <subfield code="t">Res. 1733-05 Reglamento para el funcionamiento de la Oficina judicial de servicios de atenci&#xF3;n permanente --</subfield>
    <subfield code="t">Res. 1734-05 Reglamento para la gesti&#xF3;n administrativa de los secretarios de los tribunales al amparo del C&#xF3;digo Procesal Penal --</subfield>
    <subfield code="t">Res. 1735-05 Tribunales colegiados de primera instancia --</subfield>
    <subfield code="t">Resoluciones Dictadas por la Procuradur&#xED;a General de la Rep&#xFA;blica--</subfield>
    <subfield code="t">Res. 14786-2003 Pautas al Ministerio P&#xFA;blico --</subfield>
    <subfield code="t">Res. 12156-2004 Fiscales liquidadores --</subfield>
    <subfield code="t">Res. 12437-2004 Criterios de oportunidad en casos de tr&#xE1;nsito --</subfield>
    <subfield code="t">Res. 14379 Reglamento para el otorgamiento del auxilio de la fuerza p&#xFA;blica --</subfield>
    <subfield code="t">Res. 14383 Reglamento operativo de las oficinas de control de evidencias del Ministerio P&#xFA;blico --</subfield>
    <subfield code="t">Res. 14390 Crea la unidad de custodia y administraci&#xF3;n de bienes incautados del Ministerio P&#xFA;blico.</subfield>
  </datafield>
  <datafield tag="590" ind1=" " ind2=" ">
    <subfield code="a">Inventariado, 2018/DG</subfield>
  </datafield>
  <datafield tag="650" ind1=" " ind2="4">
    <subfield code="a">Derecho procesal</subfield>
    <subfield code="z">Rep&#xFA;blica Dominicana</subfield>
    <subfield code="9">13091</subfield>
  </datafield>
  <datafield tag="650" ind1=" " ind2="4">
    <subfield code="a">Derecho penal</subfield>
    <subfield code="z">Rep&#xFA;blica Dominicana</subfield>
    <subfield code="x">Normas</subfield>
    <subfield code="9">49774</subfield>
  </datafield>
  <datafield tag="650" ind1=" " ind2="4">
    <subfield code="a">Administraci&#xF3;n de justicia penal</subfield>
    <subfield code="z">Rep&#xFA;blica Dominicana</subfield>
    <subfield code="9">16873</subfield>
  </datafield>
  <datafield tag="650" ind1=" " ind2="4">
    <subfield code="a">Leyes</subfield>
    <subfield code="z">Rep&#xFA;blica Dominicana</subfield>
    <subfield code="9">3033</subfield>
  </datafield>
  <datafield tag="700" ind1="1" ind2=" ">
    <subfield code="a">Subero Isa, Jorge A.,</subfield>
    <subfield code="d">1947-</subfield>
    <subfield code="e">presentaci&#xF3;n</subfield>
    <subfield code="9">76863</subfield>
  </datafield>
  <datafield tag="710" ind1="1" ind2=" ">
    <subfield code="a">Rep&#xFA;blica Dominicana.</subfield>
    <subfield code="b">Suprema Corte de Justicia.</subfield>
    <subfield code="c">Unidad de Investigaci&#xF3;n y Estudios Especiales</subfield>
    <subfield code="9">49775</subfield>
  </datafield>
  <datafield tag="910" ind1=" " ind2=" ">
    <subfield code="a">Validado. Control de calidad EMS</subfield>
  </datafield>
  <datafield tag="942" ind1=" " ind2=" ">
    <subfield code="2">ddc</subfield>
    <subfield code="c">LBS1</subfield>
  </datafield>
  <datafield tag="952" ind1=" " ind2=" ">
    <subfield code="0">0</subfield>
    <subfield code="1">0</subfield>
    <subfield code="2">ddc</subfield>
    <subfield code="5">1</subfield>
    <subfield code="7">0</subfield>
    <subfield code="8">PD</subfield>
    <subfield code="a">BNPHU</subfield>
    <subfield code="b">BNPHU</subfield>
    <subfield code="c">HD</subfield>
    <subfield code="d">2011-01-25</subfield>
    <subfield code="e">Dep&#xF3;sito Legal</subfield>
    <subfield code="l">0</subfield>
    <subfield code="o">BNPHU PD 345.05 R426no 2006</subfield>
    <subfield code="p">24246-10</subfield>
    <subfield code="r">2020-06-25</subfield>
    <subfield code="w">2020-06-25</subfield>
    <subfield code="y">LBS1</subfield>
  </datafield>
  <datafield tag="952" ind1=" " ind2=" ">
    <subfield code="0">0</subfield>
    <subfield code="1">0</subfield>
    <subfield code="2">ddc</subfield>
    <subfield code="5">1</subfield>
    <subfield code="7">0</subfield>
    <subfield code="8">PD</subfield>
    <subfield code="a">BNPHU</subfield>
    <subfield code="b">BNPHU</subfield>
    <subfield code="c">HD</subfield>
    <subfield code="d">2020-12-02</subfield>
    <subfield code="e">Donado por Graciela Geraledo</subfield>
    <subfield code="l">0</subfield>
    <subfield code="o">BNPHU PD 345.05 R426no, 2006</subfield>
    <subfield code="p">24246-20</subfield>
    <subfield code="r">2020-11-06</subfield>
    <subfield code="t">e.2</subfield>
    <subfield code="w">2020-11-06</subfield>
    <subfield code="y">LBS1</subfield>
  </datafield>
  <datafield tag="952" ind1=" " ind2=" ">
    <subfield code="0">0</subfield>
    <subfield code="1">0</subfield>
    <subfield code="2">ddc</subfield>
    <subfield code="5">6</subfield>
    <subfield code="7">0</subfield>
    <subfield code="8">DS</subfield>
    <subfield code="a">BNPHU</subfield>
    <subfield code="b">BNPHU</subfield>
    <subfield code="c">HD</subfield>
    <subfield code="d">2022-02-25</subfield>
    <subfield code="e">Donaci&#xF3;n</subfield>
    <subfield code="l">0</subfield>
    <subfield code="o">BNPHU DS 345.05 R426no 2006</subfield>
    <subfield code="p">2022-0798</subfield>
    <subfield code="r">2022-02-25</subfield>
    <subfield code="t">e.3</subfield>
    <subfield code="w">2022-02-25</subfield>
    <subfield code="y">LBS1</subfield>
  </datafield>
  <datafield tag="952" ind1=" " ind2=" ">
    <subfield code="0">0</subfield>
    <subfield code="1">0</subfield>
    <subfield code="2">ddc</subfield>
    <subfield code="5">6</subfield>
    <subfield code="7">0</subfield>
    <subfield code="8">DS</subfield>
    <subfield code="a">BNPHU</subfield>
    <subfield code="b">BNPHU</subfield>
    <subfield code="c">HD</subfield>
    <subfield code="d">2022-02-25</subfield>
    <subfield code="e">Donaci&#xF3;n</subfield>
    <subfield code="l">0</subfield>
    <subfield code="o">BNPHU DS 345.05 R426no 2006</subfield>
    <subfield code="p">2022-0799</subfield>
    <subfield code="r">2022-02-25</subfield>
    <subfield code="t">e.4</subfield>
    <subfield code="w">2022-02-25</subfield>
    <subfield code="y">LBS1</subfield>
  </datafield>
  <datafield tag="999" ind1=" " ind2=" ">
    <subfield code="c">23740</subfield>
    <subfield code="d">23740</subfield>
  </datafield>
</record>
